Statistics for All Grass Type Moves

Click here to take the quiz!

General Stats

  • This quiz has been taken 75 times
  • The average score is 24 of 42

Answer Stats

CatagoryAnswer% Correct
SpecialGiga Drain
93%
PhysicalVine Whip
93%
StatusLeech Seed
92%
SpecialAbsorb
90%
SpecialSolar Beam
90%
PhysicalLeaf Blade
88%
PhysicalRazor Leaf
88%
SpecialLeaf Storm
82%
SpecialMega Drain
78%
SpecialEnergy Ball
77%
StatusStun Spore
75%
StatusSleep Powder
73%
SpecialFrenzy Plant
72%
PhysicalBullet Seed
67%
StatusSpore
67%
SpecialPetal Dance
65%
StatusSynthesis
63%
PhysicalSeed Bomb
60%
StatusIngrain
57%
PhysicalWood Hammer
57%
SpecialGrass Knot
55%
SpecialGrass Pledge
52%
PhysicalLeafage
52%
PhysicalSolar Blade
52%
PhysicalPower Whip
50%
SpecialSeed Flare
50%
StatusGrass Whistle
48%
PhysicalHorn Leech
48%
SpecialMagical Leaf
47%
Z-MoveBloom Doom
45%
SpecialLeaf Tornado
45%
StatusAromatherapy
43%
StatusGrassy Terrain
43%
StatusWorry Seed
43%
PhysicalPetal Blizzard
40%
PhysicalTrop Kick
40%
StatusSpiky Shield
38%
PhysicalNeedle Arm
32%
StatusStrength Sap
17%
StatusForrest's Curse
8%
StatusCotten Guard
7%
StatusCotten Spore
7%

Score Distribution

Percentile by Number Answered

Percent of People with Each Score

Your Score History

You have not taken this quiz